| 000 | 00801cam a2200253 a 4500 | ||
|---|---|---|---|
| 001 | 0000003597 | ||
| 005 | 20170406115143.0 | ||
| 008 | 980624s1997 sa a bq 000 0 eng | ||
| 010 | _a 98163744 | ||
| 020 | _a1868142868 | ||
| 035 | _9(DLC) 98163744 | ||
| 040 |
_aDLC _cDLC |
||
| 050 | 0 | 0 |
_aPN2053 _b.K37 1997 |
| 082 | 0 | 0 |
_a792/.0232 _221 |
| 100 | 1 | _aKavanagh, Robert. | |
| 245 | 1 | 0 |
_aMaking people's theatre / _cRobert Mshengu Kavanagh. |
| 260 |
_aJohannesburg : _bWitwatersrand University Press, _c1997. |
||
| 300 |
_a234 p. : _bill. ; _c25 cm. |
||
| 504 | _aFilmography: p. 234. | ||
| 504 | _aIncludes bibliographical references (p. [231]-234). | ||
| 650 | 0 |
_aTheater _xProduction and direction. |
|
| 650 | 0 |
_aAmateur theater _xProduction and direction. |
|
| 908 | _a140627 | ||
| 999 |
_c3470 _d3470 |
||